000 00602nam a2200229Ia 4500
003 OSt
005 20220924130725.0
006 a|||||r|||| 00| 0
007 ta
008 220923b |||||||| |||| 00| 0 san d
024 _a247728
037 _cTextual
040 _aARTS
_cARTS
_bsan
041 _2san
_asan
082 _aO15,1LVA,1, D7
100 _aSastri T.Ganapati
245 0 _aNalabhudaya
260 _aTrivandrum
_bTravancore Press
_c1907
650 _aENGLISH LITERATURE
942 _hO15,1LVA,1, D7
_cTEXL
_2CC
999 _c425291
_d425291